Statistics for Google What's the Difference? #2

Click here to take the quiz!

General Stats

  • This quiz has been taken 27,662 times
    (15,170 since last reset)
  • The average score is 17 of 27

Answer Stats

What's the difference between ... % Correct
a Vegetarian and a {Vegan}
94%
Jail and {Prison}
92%
a College and a {University}
92%
a Chef and a {Cook}
90%
a Geek and a {Nerd}
87%
a Fiddle and a {Violin}
82%
Convex and {Concave}
80%
Grey and {Gray}
75%
Burma and {Myanmar}
73%
Lava and {Magma}
73%
Anorexia and {Bulimia}
73%
a Pixie and a {Fairy}
72%
New Delhi and {Delhi}
72%
Pilates and {Yoga}
71%
a Planet and a {Star}
68%
Sleet and {Hail}
59%
a Hypothesis and a {Theory}
55%
Halal and {Kosher}
55%
Poetry and {Prose}
53%
Zeus and {Jupiter}
52%
a Zeppelin and a {Blimp}
50%
an Ellipse and an {Oval}
42%
a Sousaphone and a {Tuba}
39%
a Pram and a {Stroller}
36%
Deficit and {Debt}
34%
Discreet and {Discrete}
30%
a Footnote and an {Endnote}
28%

Score Distribution

Percentile by Number Answered

Percent of People with Each Score

Your Score History

You have not taken this quiz since the last reset